00888nam a22002415i 450000100060000000300090000600500170001500700030003200800410003502000180007608000290009410000420012324501090016526000330027430000290030749000290033650400340036570000420039983000440044185200220048599900170050795201220052410623ES-MaACL20251205135907.0t|940510s1993 sp |||| | spa j a84-7844-177-8 a1(081) Zambrano, María1 aZambrano, María,d1904-1991911791413aLa razón en la sombra b: antología / cMaría Zambrano ; edición a cargo de Jesús Moreno Sanz. aMadrid : bSiruela, c[1993] aXXXVII, 653 p ; c23 cm.1 aLibros del tiempo ; v59 aBibliografía: p. [631]-653. aMoreno Sanz, Jesús, d1949-923617700aLibros del tiempo (Siruela)v599233603 aES-MaACLjL-18021 c10623d10623 00104070aATENEOMbATENEOMcDEPO2d2008-01-17eSCl0oL-18021p1010835r2023-02-23 00:00:00w2023-02-23yMONOGRAFIA